| 000 | 01182nam a22003017a 4500 | ||
|---|---|---|---|
| 003 | EG-ScBUE | ||
| 005 | 20211212095008.0 | ||
| 008 | 100801s1988 sy f 000 p ara d | ||
| 040 |
_aEG-ScBUE _bara _erda _cEG-ScBUE _dEG-ScBUE |
||
| 082 | 0 | 4 |
_a892.714 _bن ا ب _222 |
| 100 | 1 |
_916916 _aالنابلسي، عبد الغني، _eمؤلف. |
|
| 245 | 1 | 0 |
_aبرج بابل وشدو البلابل / _bعبد الغني النابلسي ؛ تحقيق أحمد الجندي. |
| 250 | _aالطبعة الأولى. | ||
| 264 | 1 |
_aدمشق : _bدار المعرفة، _c1988. |
|
| 300 |
_a412 صفحة ؛ _c24 سم. |
||
| 336 |
_2rdacontent _aنص _btxt |
||
| 337 |
_2rdamedia _aبدون وسيط _bn |
||
| 338 |
_2rdacarrier _aمجلد _bnc |
||
| 490 | 0 | _aدمشق وغوطتها | |
| 541 |
_aألف باء ؛ _cشراء ؛ |
||
| 650 | 7 |
_916917 _aالشعر العربي _xتاريخ _yعصر الضعف والانحطاط. _2BUEsh |
|
| 650 | 7 |
_98102 _aالشعر العربي _xدواوين وقصائد. _2BUEsh |
|
| 651 | _2BUEsh | ||
| 653 |
_bARALIT _cDecember2021 |
||
| 655 |
_vReading book _934232 |
||
| 700 | 1 |
_916921 _aالجندي، أحمد، _eمحقق. |
|
| 942 |
_2ddc _cBB |
||
| 999 |
_c14580 _d14580 |
||